| 000 | 00579nam a2200193Ia 4500 | ||
|---|---|---|---|
| 005 | 20260601193225.0 | ||
| 008 | 260601s9999||||xx |||||||||||||| ||und|| | ||
| 020 |
_a978-3-031-48974-7 _qebk |
||
| 100 | _aJugal Garg | ||
| 245 | 0 | _aWeb and Internet Economics | |
| 250 | _a1st ed. 2024 | ||
| 260 |
_aHeidelberg, Germany _bSpringer Nature _c2024 |
||
| 440 | _aLecture Notes in Computer Science | ||
| 650 | _aComputer Science | ||
| 700 | _aMax Klimm | ||
| 700 | _aYuqing Kong | ||
| 856 | _uhttps://link.springer.com/openurl?genre=book&isbn=978-3-031-48974-7 | ||
| 942 |
_cEB _2ddc |
||
| 999 |
_c55921 _d55921 |
||